[Event "18 Torneo San Viator"]
[Site "Madrid ESP"]
[Date "2012.03.25"]
[Round "1.26"]
[White "Herreros Lucas, Jose L"]
[Black "Padin Lazaro, Jose Manuel"]
[Result "0-1"]
[WhiteElo "1545"]
[BlackElo "1799"]
[PlyCount "58"]
[EventDate "2012.03.25"]
[EventType "swiss"]
[EventRounds "9"]
[EventCountry "ESP"]
[Source "lmi"]
[SourceDate "2012.03.25"]

1. d4 d5 2. Nf3 e6 3. c4 c5 4. Nc3 Nc6 5. dxc5 dxc4 6. Qxd8+ Nxd8 7. Bf4 Bd7 8.
Ne5 Bxc5 9. Nxd7 Kxd7 10. O-O-O+ Ke7 11. e3 Rc8 12. Bxc4 Bb4 13. Bb3 Nf6 14.
Kb1 Bxc3 15. Bd6+ Ke8 16. Ba4+ Nc6 17. bxc3 Ne4 18. Bxc6+ Rxc6 19. Bb4 Nxf2 20.
Rd8+ Kxd8 21. Rf1 Ne4 22. Rxf7 Nxc3+ 23. Kb2 Nd5 24. Bd2 Rc7 25. Rf3 Ke8 26. e4
Nb6 27. Kb3 Rf8 28. Bf4 Rcf7 29. g3 g5 0-1

[Event "18 Torneo San Viator"]
[Site "Madrid ESP"]
[Date "2012.03.25"]
[Round "1.27"]
[White "Sanchez Lopez, Maria"]
[Black "Villarroya Samaniego, Javier"]
[Result "1-0"]
[WhiteElo "1799"]
[BlackElo "1505"]
[PlyCount "55"]
[EventDate "2012.03.25"]
[EventType "swiss"]
[EventRounds "9"]
[EventCountry "ESP"]
[Source "lmi"]
[SourceDate "2012.03.25"]

1. d4 Nf6 2. c4 g6 3. Nc3 Bg7 4. e4 d6 5. Nf3 O-O 6. Be2 Nbd7 7. O-O e5 8. d5
b6 9. Ne1 a5 10. Bg5 Ba6 11. a3 Qb8 12. b4 axb4 13. axb4 Bb7 14. Nd3 Rxa1 15.
Qxa1 Qa8 16. Qb2 Ba6 17. Ra1 Qb7 18. b5 Bxb5 19. cxb5 Rb8 20. Nb4 Nc5 21. f3
Re8 22. Na4 Nxa4 23. Rxa4 Ra8 24. Ra6 Nd7 25. Qa2 Rf8 26. Ra7 Qc8 27. Na6 f6
28. Be3 1-0

[Event "18 Torneo San Viator"]
[Site "Madrid ESP"]
[Date "2012.03.25"]
[Round "1.28"]
[White "Garcia Laborda, Pedro"]
[Black "Ibanez Moreno, Sergio"]
[Result "0-1"]
[WhiteElo "1400"]
[BlackElo "1795"]
[PlyCount "60"]
[EventDate "2012.03.25"]
[EventType "swiss"]
[EventRounds "9"]
[EventCountry "ESP"]
[Source "lmi"]
[SourceDate "2012.03.25"]

1. d4 d5 2. Bf4 Bf5 3. e3 Nf6 4. Nf3 Nbd7 5. h3 c5 6. Nbd2 e6 7. c3 Qb6 8. Qb3
Be7 9. Be2 O-O 10. Ne5 Nxe5 11. dxe5 Nd7 12. Qa3 Qc7 13. g4 Bg6 14. Nf3 Be4 15.
O-O-O b5 16. b3 Bxf3 17. Bxf3 Nxe5 18. Be2 c4 19. b4 a5 20. Qb2 axb4 21. cxb4
Bf6 22. g5 Nd3+ 23. Kb1 Nxb2 24. Bxc7 Nxd1 25. gxf6 Nc3+ 26. Kb2 Nxe2 27. Be5
c3+ 28. Kc2 Rxa2+ 29. Kb3 Rb2+ 30. Ka3 Ra8# 0-1

[Event "18 Torneo San Viator"]
[Site "Madrid ESP"]
[Date "2012.03.25"]
[Round "1.29"]
[White "Garcia Velayos, Carlos E"]
[Black "Balsinde Montemayor, Lucas"]
[Result "0-1"]
[WhiteElo "1772"]
[BlackElo "1356"]
[PlyCount "76"]
[EventDate "2012.03.25"]
[EventType "swiss"]
[EventRounds "9"]
[EventCountry "ESP"]
[Source "lmi"]
[SourceDate "2012.03.25"]

1. Nf3 Nf6 2. g3 d5 3. Bg2 Bg4 4. h3 Bh5 5. d3 e6 6. c3 Nbd7 7. Nbd2 Bc5 8. O-O
c6 9. b4 Bd6 10. a3 Qb6 11. c4 c5 12. b5 a6 13. Qb3 axb5 14. Qxb5 Qxb5 15. cxb5
Ra5 16. a4 Nb6 17. Nb3 Rxa4 18. Be3 d4 19. Bg5 Nfd7 20. g4 Bg6 21. Na5 f6 22.
Bh4 O-O 23. Nxb7 Be7 24. Rxa4 Nxa4 25. Ra1 Nc3 26. Ra5 Rb8 27. Nd2 Nxe2+ 28.
Kh2 Bxd3 29. Bc6 Nc3 30. Bxd7 Rxb7 31. Bxe6+ Kf8 32. Ra8+ Bd8 33. Rxd8+ Ke7 34.
Rc8 Kxe6 35. Rxc5 Rxb5 36. Rc7 g5 37. Bg3 Ne2 38. Rxh7 Bxh7 0-1

[Event "18 Torneo San Viator"]
[Site "Madrid ESP"]
[Date "2012.04.01"]
[Round "2.1"]
[White "Garcia Carcedo, Jesus"]
[Black "Perez Calahorra, Ricardo"]
[Result "0-1"]
[WhiteElo "1842"]
[BlackElo "2158"]
[PlyCount "110"]
[EventDate "2012.03.25"]
[EventType "swiss"]
[EventRounds "9"]
[EventCountry "ESP"]
[Source "lmi"]
[SourceDate "2012.03.25"]

1. d4 Nf6 2. Nf3 e6 3. Bf4 c5 4. e3 Nc6 5. c3 Nh5 6. Bg3 Nxg3 7. hxg3 d5 8.
Nbd2 Qb6 9. Qc2 h6 10. Be2 Bd7 11. g4 cxd4 12. exd4 Rc8 13. Qb3 Qxb3 14. axb3
Bd6 15. g5 Ke7 16. gxh6 Rxh6 17. Rxh6 gxh6 18. O-O-O f6 19. Rh1 Rh8 20. Bd3 Kf7
21. g3 e5 22. dxe5 Nxe5 23. Be2 Ng4 24. Rf1 Bc5 25. Nd4 Bxd4 26. cxd4 Bf5 27.
Bxg4 Rc8+ 28. Kd1 Bxg4+ 29. f3 Bf5 30. Ke2 Rc2 31. Ra1 a6 32. Ra5 Rxb2 33. Rxd5
Be6 34. Rh5 Kg6 35. Rc5 Bxb3 36. Kd3 b6 37. Rc6 Bd5 38. Rd6 Rb5 39. Ne4 Bxe4+
40. fxe4 Kf7 41. d5 a5 42. Rd7+ Ke8 43. Rh7 a4 44. Rxh6 Rb2 45. Rxf6 a3 46. Kc3
b5 47. Ra6 b4+ 48. Kd4 a2 49. Ke5 Re2 50. Kd6 b3 51. e5 Re1 52. Ra8+ Kf7 53.
e6+ Kf6 54. Rf8+ Kg7 55. Ra8 a1=Q 0-1

[Event "18 Torneo San Viator"]
[Site "Madrid ESP"]
[Date "2012.04.01"]
[Round "2.2"]
[White "Iturbide Arnedo, Oscar"]
[Black "Alonso Herrero, Ignacio"]
[Result "1-0"]
[WhiteElo "2131"]
[BlackElo "1809"]
[PlyCount "43"]
[EventDate "2012.03.25"]
[EventType "swiss"]
[EventRounds "9"]
[EventCountry "ESP"]
[Source "lmi"]
[SourceDate "2012.03.25"]

1. e4 b6 2. d4 Bb7 3. Bd3 Nc6 4. c3 e5 5. d5 Nce7 6. Be3 f5 7. f3 Nf6 8. Nd2
fxe4 9. fxe4 Ng6 10. Nh3 c6 11. c4 Bb4 12. a3 Bxd2+ 13. Qxd2 Nxe4 14. Bxe4 Qh4+
15. Nf2 O-O 16. g3 Qe7 17. O-O Rad8 18. Bg5 Qc5 19. Bxd8 Rxd8 20. dxc6 Bxc6 21.
Bxc6 Qxc6 22. Qd5+ 1-0

[Event "18 Torneo San Viator"]
[Site "Madrid ESP"]
[Date "2012.04.01"]
[Round "2.3"]
[White "Tevar Sanz, Gonzalo"]
[Black "Cabanas Bravo, Juan Andres"]
[Result "1-0"]
[WhiteElo "1825"]
[BlackElo "2092"]
[PlyCount "63"]
[EventDate "2012.03.25"]
[EventType "swiss"]
[EventRounds "9"]
[EventCountry "ESP"]
[Source "lmi"]
[SourceDate "2012.03.25"]

1. d4 Nf6 2. Bf4 g6 3. Nc3 d5 4. Nf3 Bg7 5. Qd2 h6 6. O-O-O c6 7. h3 Nbd7 8. g4
g5 9. Bh2 b5 10. Kb1 b4 11. Na4 Ne4 12. Qe3 Qa5 13. b3 Nb6 14. Bc7 f5 15. Ne5
Bxe5 16. dxe5 Qa6 17. Nc5 Qa3 18. Nxe4 fxe4 19. Qd4 Rf8 20. e6 Bxe6 21. Qe5 Rf6
22. h4 Bxg4 23. hxg5 Re6 24. Qf4 h5 25. f3 d4 26. Rxd4 exf3 27. e4 Nd5 28. Rxd5
cxd5 29. Bb5+ Rc6 30. Bxc6+ Bd7 31. Bxd5 e6 32. g6 1-0

[Event "18 Torneo San Viator"]
[Site "Madrid ESP"]
[Date "2012.04.01"]
[Round "2.4"]
[White "Vallejo Nuno, Jorge"]
[Black "Sanchez Lopez, Maria"]
[Result "0-1"]
[WhiteElo "2068"]
[BlackElo "1799"]
[PlyCount "64"]
[EventDate "2012.03.25"]
[EventType "swiss"]
[EventRounds "9"]
[EventCountry "ESP"]
[Source "lmi"]
[SourceDate "2012.03.25"]

1. e4 e6 2. b3 d5 3. Bb2 dxe4 4. Nc3 Nf6 5. Qe2 Bb4 6. O-O-O Qe7 7. g4 Nc6 8.
Nxe4 Ba3 9. d4 Nxe4 10. Qxe4 O-O 11. Bd3 g6 12. c3 a5 13. h4 a4 14. b4 Nxb4 15.
cxb4 Bxb2+ 16. Kxb2 Qxb4+ 17. Kc2 Bd7 18. Nf3 a3 19. Be2 Qb2+ 20. Kd3 Bb5+ 21.
Ke3 Qxe2+ 22. Kf4 Qxe4+ 23. Kxe4 f5+ 24. gxf5 Bc6+ 25. Ke3 Rxf5 26. Rh3 Raf8
27. Ng5 Rxf2 28. Nxe6 R8f3+ 29. Rxf3 Rxf3+ 30. Ke2 Rh3 31. d5 Bd7 32. Rf1 Bb5+
0-1

[Event "18 Torneo San Viator"]
[Site "Madrid ESP"]
[Date "2012.04.01"]
[Round "2.5"]
[White "Padin Lazaro, Jose Manuel"]
[Black "Aguado Solana, Juan"]
[Result "0-1"]
[WhiteElo "1799"]
[BlackElo "2060"]
[PlyCount "116"]
[EventDate "2012.03.25"]
[EventType "swiss"]
[EventRounds "9"]
[EventCountry "ESP"]
[Source "lmi"]
[SourceDate "2012.03.25"]

1. e4 c5 2. Nf3 d6 3. d4 cxd4 4. Nxd4 Nf6 5. Nc3 a6 6. Bc4 e6 7. Bb3 b5 8. O-O
Be7 9. Qf3 Qc7 10. Qg3 O-O 11. Bh6 Nh5 12. Qg4 Qc5 13. Rad1 Kh8 14. Be3 Nf6 15.
Qg3 Qc7 16. f4 b4 17. e5 dxe5 18. fxe5 bxc3 19. exf6 Qxg3 20. hxg3 Bxf6 21. g4
cxb2 22. g5 Be7 23. c4 Bc5 24. Kh2 a5 25. Nxe6 Bxe6 26. Bxc5 Rc8 27. Ba4 Na6
28. Ba3 Bxc4 29. Rf2 Nc5 30. Bc2 Rab8 31. Bf5 Be6 32. Bxe6 Nxe6 33. Bxb2 Nxg5
34. Rd5 Ne4 35. Re2 Rc5 36. Rd7 Rh5+ 37. Kg1 h6 38. Bxg7+ Kxg7 39. Rxe4 Rb1+
40. Kf2 Rf5+ 41. Ke2 Rb2+ 42. Rd2 Rxd2+ 43. Kxd2 Rf2+ 44. Re2 Rxe2+ 45. Kxe2 f5
46. Kf3 Kf6 47. Kf4 a4 48. a3 h5 49. g3 Kg6 50. Ke3 Kg5 51. Kf3 Kf6 52. Kf4 Kg6
53. Ke3 Kf7 54. Kf4 Ke6 55. Kf3 Ke5 56. Ke3 f4+ 57. gxf4+ Kf5 58. Kf3 h4 0-1

[Event "18 Torneo San Viator"]
[Site "Madrid ESP"]
[Date "2012.04.01"]
[Round "2.6"]
[White "De La Horra Del Barco, Ricardo"]
[Black "Moreno Zamora, Gregorio"]
[Result "1-0"]
[WhiteElo "2055"]
[BlackElo "1760"]
[PlyCount "63"]
[EventDate "2012.03.25"]
[EventType "swiss"]
[EventRounds "9"]
[EventCountry "ESP"]
[Source "lmi"]
[SourceDate "2012.03.25"]

1. d4 d5 2. c4 c6 3. e3 Nf6 4. Nc3 e6 5. Nf3 Bd6 6. Bd3 dxc4 7. Bxc4 c5 8. Bd3
O-O 9. e4 Be7 10. O-O a6 11. Qe2 g6 12. Rd1 Qc7 13. Bh6 Rd8 14. Rac1 Nbd7 15.
e5 Ne8 16. d5 Bf8 17. Bg5 f6 18. dxe6 fxg5 19. exd7 Rxd7 20. Nxg5 Bh6 21. h4
Bxg5 22. hxg5 Qd8 23. Ne4 Qe7 24. Nf6+ Kg7 25. Qe4 Kh8 26. Qc4 Rb8 27. Nxd7
Bxd7 28. Qxc5 Qf7 29. Be4 Ng7 30. Qd6 Rd8 31. Bc6 Nf5 32. Qf6+ 1-0

[Event "18 Torneo San Viator"]
[Site "Madrid ESP"]
[Date "2012.04.01"]
[Round "2.7"]
[White "Ibanez Moreno, Sergio"]
[Black "Julian Serra, Rogelio"]
[Result "1-0"]
[WhiteElo "1795"]
[BlackElo "2042"]
[PlyCount "77"]
[EventDate "2012.03.25"]
[EventType "swiss"]
[EventRounds "9"]
[EventCountry "ESP"]
[Source "lmi"]
[SourceDate "2012.03.25"]

1. e4 d5 2. exd5 Nf6 3. Bc4 Nxd5 4. d4 Nc6 5. c3 Bf5 6. Nf3 Qd6 7. O-O O-O-O 8.
Nbd2 g5 9. Nxg5 Qg6 10. Ndf3 Bg4 11. Bd3 f5 12. h3 Bh5 13. Qc2 e6 14. Nh4 Qf6
15. Nxe6 Rd6 16. Bg5 Qf7 17. Bxf5 Kb8 18. Nxf8 Rxf8 19. g4 h6 20. Be3 Nce7 21.
Rae1 Qf6 22. Ng2 Rg8 23. Be4 Bg6 24. Bxg6 Nxg6 25. c4 Nde7 26. Qb3 Nf5 27. d5
Qf7 28. Bd4 h5 29. Be5 hxg4 30. hxg4 Ngh4 31. Bxd6 cxd6 32. Qh3 Ng6 33. f4 Rh8
34. Qc3 Qh7 35. gxf5 Qh2+ 36. Kf2 Nxf4 37. Qg3 Nh3+ 38. Kf3 Ng5+ 39. Qxg5 1-0

[Event "18 Torneo San Viator"]
[Site "Madrid ESP"]
[Date "2012.04.01"]
[Round "2.8"]
[White "Cazorla Munoz, Francisco"]
[Black "Sanchez Obregon, Diego"]
[Result "0-1"]
[WhiteElo "1755"]
[BlackElo "2042"]
[PlyCount "94"]
[EventDate "2012.03.25"]
[EventType "swiss"]
[EventRounds "9"]
[EventCountry "ESP"]
[Source "lmi"]
[SourceDate "2012.03.25"]

1. e4 c5 2. Nf3 d6 3. d4 cxd4 4. Nxd4 Nf6 5. Nc3 a6 6. f4 e6 7. Bd3 Qc7 8. O-O
Nbd7 9. Be3 b5 10. a4 b4 11. Nce2 Bb7 12. Ng3 Nc5 13. f5 e5 14. Nf3 Ncxe4 15.
Nxe4 Nxe4 16. a5 Nc5 17. Bc4 Rd8 18. Qe2 d5 19. Ba2 Be7 20. Kh1 O-O 21. h4 d4
22. Bg5 e4 23. Nh2 Bd5 24. f6 gxf6 25. Rxf6 Bxa2 26. Qg4 Qc8 27. Qg3 Kh8 28.
Qe5 Nd7 29. Qxe7 Qxc2 30. Rxa2 Qb1+ 31. Rf1 Qxa2 32. Qxe4 f6 33. Qxd4 Qe6 34.
Ng4 Ne5 35. Bxf6+ Qxf6 36. Rxf6 Rxd4 37. Rxf8+ Kg7 38. Nxe5 Rxh4+ 39. Kg1 Kxf8
40. b3 Rh5 41. Nc4 Ke7 42. Kf2 Kd7 43. Kf3 Kc6 44. g3 Kb5 45. Kf4 Rc5 46. Nd6+
Kc6 47. Nc4 Rxc4+ 0-1

[Event "18 Torneo San Viator"]
[Site "Madrid ESP"]
[Date "2012.04.01"]
[Round "2.9"]
[White "Tolosana Esteban, Enrique"]
[Black "Rodriguez Diaz, Alberto Jose"]
[Result "1-0"]
[WhiteElo "1743"]
[BlackElo "1979"]
[PlyCount "82"]
[EventDate "2012.03.25"]
[EventType "swiss"]
[EventRounds "9"]
[EventCountry "ESP"]
[Source "lmi"]
[SourceDate "2012.03.25"]

1. c4 g6 2. Nc3 c5 3. e3 Bg7 4. g3 Nc6 5. Bg2 d6 6. Nge2 e5 7. Nd5 Nge7 8. Nec3
O-O 9. O-O Nxd5 10. Nxd5 Ne7 11. Nc3 Rb8 12. a3 b6 13. Qa4 a6 14. b4 b5 15.
cxb5 axb5 16. Qa7 Bb7 17. bxc5 Bxg2 18. Kxg2 Ra8 19. Qb7 Rb8 20. Qa6 dxc5 21.
Nxb5 Qd3 22. Qd6 Qxb5 23. Qxe7 e4 24. a4 Qc4 25. Ra3 Rb1 26. d3 exd3 27. Bd2
Rxf1 28. Kxf1 Qc2 29. Qd6 Qxd2 30. Rxd3 Qc2 31. a5 c4 32. Rd2 Qb1+ 33. Rd1 Qb5
34. Rd5 Qb1+ 35. Rd1 Qa2 36. Qd5 Qb3 37. a6 Qa4 38. a7 Qa6 39. Qd7 c3+ 40. Kg2
Rc8 41. Ra1 Qc6+ 1-0

[Event "18 Torneo San Viator"]
[Site "Madrid ESP"]
[Date "2012.04.01"]
[Round "2.10"]
[White "Noval Toldos, Francisco Javier"]
[Black "Rodriguez Varela, Alvaro"]
[Result "1-0"]
[WhiteElo "1977"]
[BlackElo "1751"]
[PlyCount "65"]
[EventDate "2012.03.25"]
[EventType "swiss"]
[EventRounds "9"]
[EventCountry "ESP"]
[Source "lmi"]
[SourceDate "2012.03.25"]

1. d4 d5 2. c4 e6 3. Nf3 Nf6 4. g3 Be7 5. Bg2 O-O 6. O-O Nbd7 7. Qc2 c6 8. b3
Qc7 9. Bb2 Bd6 10. c5 Be7 11. b4 Ne4 12. a4 Bf6 13. Ne1 Be7 14. Bxe4 dxe4 15.
Qxe4 Nf6 16. Qe5 Qd8 17. e4 Nd7 18. Qh5 Nf6 19. Qe2 Re8 20. Nf3 b6 21. Rc1 bxc5
22. dxc5 Qc7 23. Qc4 a6 24. Be5 Qb7 25. Bc3 Rd8 26. Nbd2 Qc7 27. Nb3 Bb7 28.
Be5 Qc8 29. Na5 Ng4 30. Bb2 Nf6 31. Qc2 Qc7 32. Be5 Qc8 33. Nc4 1-0

[Event "18 Torneo San Viator"]
[Site "Madrid ESP"]
[Date "2012.04.01"]
[Round "2.11"]
[White "Franco Rincon, David"]
[Black "Cuadrado Lopez, Francisco Javie"]
[Result "0-1"]
[WhiteElo "1696"]
[BlackElo "1970"]
[PlyCount "86"]
[EventDate "2012.03.25"]
[EventType "swiss"]
[EventRounds "9"]
[EventCountry "ESP"]
[Source "lmi"]
[SourceDate "2012.03.25"]

1. e4 e5 2. Nf3 Nc6 3. Bc4 Bc5 4. c3 Nf6 5. d3 d6 6. Bg5 h6 7. Be3 Bb6 8. h3
O-O 9. Nbd2 Ne7 10. Nf1 c6 11. Ng3 Bc7 12. Bb3 d5 13. exd5 cxd5 14. Bc5 Re8 15.
O-O Ng6 16. Re1 Bd7 17. Be3 Bc6 18. Qd2 e4 19. Nd4 Bxg3 20. fxg3 Ne5 21. Bxh6
gxh6 22. Qxh6 Nh7 23. Nf5 Qg5 24. dxe4 dxe4 25. Rf1 Qxh6 26. Nxh6+ Kg7 27. Nxf7
Nxf7 28. Rxf7+ Kg6 29. Rf4 Rf8 30. Rg4+ Kf6 31. Rf1+ Ke5 32. Re1 Rae8 33. Bc2
Nf6 34. Rg5+ Kd6 35. Rg7 Re5 36. Bb3 e3 37. Rd1+ Kc5 38. Re1 Nh5 39. Rg4 Rf2
40. Rc4+ Kb6 41. Rb4+ Kc7 42. Rc4 Rxg2+ 43. Kf1 Rf5+ 0-1

[Event "18 Torneo San Viator"]
[Site "Madrid ESP"]
[Date "2012.04.01"]
[Round "2.12"]
[White "Rosa Ramirez, Victor D"]
[Black "Algaba Traspuesto, Jose Antonio"]
[Result "1-0"]
[WhiteElo "1966"]
[BlackElo "1674"]
[PlyCount "51"]
[EventDate "2012.03.25"]
[EventType "swiss"]
[EventRounds "9"]
[EventCountry "ESP"]
[Source "lmi"]
[SourceDate "2012.03.25"]

1. e4 c5 2. c3 d5 3. exd5 Qxd5 4. d4 Nc6 5. Nf3 Bg4 6. Be2 Nf6 7. O-O e6 8. h3
Bh5 9. Re1 Be7 10. c4 Qd6 11. g4 Bg6 12. g5 Nh5 13. d5 exd5 14. cxd5 Nb4 15.
Bb5+ Kf8 16. Na3 a6 17. Bf1 b5 18. Re5 f6 19. gxf6 Bxf6 20. Re1 Qxd5 21. Bg2
Rd8 22. Bd2 Qf5 23. Qb3 Bf7 24. Qe3 Bxb2 25. Qe7+ Kg8 26. Qxd8+ 1-0

[Event "18 Torneo San Viator"]
[Site "Madrid ESP"]
[Date "2012.04.01"]
[Round "2.13"]
[White "Gil Calvente, Jose Antonio"]
[Black "Gutierrez Sanchez, Fernando"]
[Result "0-1"]
[WhiteElo "1677"]
[BlackElo "1929"]
[PlyCount "86"]
[EventDate "2012.03.25"]
[EventType "swiss"]
[EventRounds "9"]
[EventCountry "ESP"]
[Source "lmi"]
[SourceDate "2012.03.25"]

1. c4 e6 2. Nc3 d5 3. cxd5 exd5 4. Nf3 c5 5. d3 Nc6 6. g3 Nf6 7. Bg5 Be7 8. Bg2
O-O 9. O-O d4 10. Bxf6 Bxf6 11. Ne4 Be7 12. Rc1 b6 13. a3 Bb7 14. Ned2 Qd5 15.
Nh4 Qd7 16. Nhf3 Rac8 17. Nc4 Bf6 18. Qa4 Rfe8 19. Rfe1 Bd8 20. Nfd2 a6 21.
Nxb6 Bxb6 22. b4 cxb4 23. Nc4 Ba7 24. axb4 Re7 25. Na5 Nxa5 26. Rxc8+ Qxc8 27.
Qxa5 Bxg2 28. Kxg2 Qc6+ 29. f3 Re8 30. Qa3 Qc3 31. Qa4 Qc8 32. Kf2 Bb8 33. Rc1
Qe6 34. Rc2 h5 35. Qa5 h4 36. Qc5 hxg3+ 37. hxg3 Qh3 38. Qg5 Qh2+ 39. Kf1 Bxg3
40. e4 Qh1+ 41. Ke2 Qg2+ 42. Kd1 Qf1+ 43. Kd2 Qe1# 0-1

[Event "18 Torneo San Viator"]
[Site "Madrid ESP"]
[Date "2012.04.01"]
[Round "2.14"]
[White "Moreno Sanchez, Guillermo"]
[Black "Garcia Sanjuan, Jose"]
[Result "0-1"]
[WhiteElo "1649"]
[BlackElo "1894"]
[PlyCount "66"]
[EventDate "2012.03.25"]
[EventType "swiss"]
[EventRounds "9"]
[EventCountry "ESP"]
[Source "lmi"]
[SourceDate "2012.03.25"]

1. d4 b6 2. Nf3 Bb7 3. e3 g6 4. b3 Bg7 5. Bb2 c5 6. dxc5 Bxb2 7. c3 Bxa1 8. Bc4
e6 9. O-O bxc5 10. Qc2 Qf6 11. Nfd2 Ne7 12. f4 d5 13. Bb5+ Nbc6 14. e4 O-O 15.
e5 Qh4 16. g3 Qh3 17. Nf3 Nf5 18. Qf2 d4 19. Ng5 Qh6 20. Qf3 Na5 21. Qd3 Rad8
22. c4 a6 23. Ba4 Ne3 24. Re1 Ba8 25. Re2 Nc6 26. Bxc6 Bxc6 27. Nd2 Bc3 28.
Nde4 Bxe4 29. Qxe4 Qh5 30. Nf3 Qh3 31. Rf2 h6 32. Qc6 Rc8 33. Qxa6 Ra8 0-1

[Event "18 Torneo San Viator"]
[Site "Madrid ESP"]
[Date "2012.04.01"]
[Round "2.15"]
[White "Bermejo Redondo, Oscar"]
[Black "Jimenez Sanchez, Juan Daniel"]
[Result "1-0"]
[WhiteElo "1883"]
[BlackElo "1420"]
[PlyCount "55"]
[EventDate "2012.03.25"]
[EventType "swiss"]
[EventRounds "9"]
[EventCountry "ESP"]
[Source "lmi"]
[SourceDate "2012.03.25"]

1. e4 c5 2. Nf3 d6 3. d4 cxd4 4. Nxd4 Nf6 5. Nc3 a6 6. Bg5 e6 7. f4 Nbd7 8. Qf3
h6 9. Bxf6 Nxf6 10. O-O-O Qc7 11. Bd3 e5 12. fxe5 Bg4 13. Qg3 dxe5 14. Nf3 Bd6
15. h3 Bxf3 16. Qxf3 O-O 17. g4 Bb4 18. Nd5 Nxd5 19. exd5 Qa5 20. Kb1 Qb6 21.
Be4 Rac8 22. Rd3 Rc5 23. Rb3 Rfc8 24. a3 Rxc2 25. Bxc2 Rxc2 26. Kxc2 e4 27.
Rxb4 Qc7+ 28. Qc3 1-0

[Event "18 Torneo San Viator"]
[Site "Madrid ESP"]
[Date "2012.04.01"]
[Round "2.16"]
[White "Ruiz Bazaga, Miriam"]
[Black "Garcia-Ruiz Fuentes, Angel M"]
[Result "0-1"]
[WhiteElo "1632"]
[BlackElo "1873"]
[PlyCount "67"]
[EventDate "2012.03.25"]
[EventType "swiss"]
[EventRounds "9"]
[EventCountry "ESP"]
[Source "lmi"]
[SourceDate "2012.03.25"]

1. e4 c5 2. c3 Nf6 3. e5 Nd5 4. Nf3 e6 5. d4 d6 6. exd6 Bxd6 7. Nbd2 cxd4 8.
Nxd4 a6 9. Ne4 Be7 10. Be2 O-O 11. O-O Nd7 12. c4 N5f6 13. Ng5 Nc5 14. b4 Nce4
15. c5 Nc3 16. Qd2 Qxd4 17. Qxd4 Nxe2+ 18. Kh1 Nxd4 19. Bb2 Nc2 20. Rab1 Nxb4
21. Bxf6 Bxf6 22. Ne4 Nd5 23. Rfc1 g6 24. Rd1 Bg7 25. h3 Nc3 26. Nxc3 Bxc3 27.
Rbc1 Be5 28. g3 Bc7 29. Kg2 e5 30. Rc2 Bf5 31. Rcd2 Rad8 32. Rxd8 Rxd8 33. Rc1
Rd2 34. Rb1 0-1

[Event "18 Torneo San Viator"]
[Site "Madrid ESP"]
[Date "2012.04.01"]
[Round "2.17"]
[White "Navarro Fernandez, Miguel"]
[Black "Andres Rodriguez, Florencio"]
[Result "1-0"]
[WhiteElo "1863"]
[BlackElo "1583"]
[PlyCount "91"]
[EventDate "2012.03.25"]
[EventType "swiss"]
[EventRounds "9"]
[EventCountry "ESP"]
[Source "lmi"]
[SourceDate "2012.03.25"]

1. e4 c5 2. Nf3 d6 3. d4 cxd4 4. Nxd4 Nf6 5. Nc3 e5 6. Nb3 Be7 7. Be2 O-O 8.
Be3 Nbd7 9. Qd2 a6 10. a4 b6 11. g4 Bb7 12. f3 Qc7 13. h4 Nc5 14. Nc1 Rfd8 15.
g5 Nh5 16. b4 Ne6 17. Nd5 Bxd5 18. exd5 Nef4 19. c4 Ng3 20. Bxf4 exf4 21. Rg1
Re8 22. Qxf4 Nxe2 23. Nxe2 Bf8 24. Kd2 Re5 25. Ng3 Rae8 26. Ne4 Kh8 27. Rac1
Qd7 28. h5 Rf5 29. Qe3 Qxa4 30. Qxb6 Rxf3 31. Nc3 Qb3 32. Rg4 Ree3 33. Qxe3
Rxe3 34. Kxe3 Qxb4 35. Kd3 g6 36. h6 a5 37. Rb1 Qc5 38. Rb8 Kg8 39. Ne4 Qa3+
40. Ke2 Qa2+ 41. Kf3 Qa3+ 42. Kg2 Qa2+ 43. Kh3 Qa3+ 44. Rg3 Qxg3+ 45. Kxg3 f5
46. Nf6+ 1-0

[Event "18 Torneo San Viator"]
[Site "Madrid ESP"]
[Date "2012.04.01"]
[Round "2.18"]
[White "Rendo Quiros, Pedro"]
[Black "Cujba, Anca-Claudia"]
[Result "1/2-1/2"]
[WhiteElo "1643"]
[BlackElo "1859"]
[PlyCount "141"]
[EventDate "2012.03.25"]
[EventType "swiss"]
[EventRounds "9"]
[EventCountry "ESP"]
[Source "lmi"]
[SourceDate "2012.03.25"]

1. d4 Nf6 2. c4 g6 3. Nc3 Bg7 4. Nf3 d6 5. e3 O-O 6. Be2 Nbd7 7. O-O e5 8. Re1
Ne8 9. a3 e4 10. Nxe4 a5 11. Bd2 Nb6 12. Nc3 Be6 13. d5 Bg4 14. h3 Bxf3 15.
Bxf3 Nxc4 16. Qc2 Nxd2 17. Qxd2 f5 18. Rac1 Be5 19. Be2 Qh4 20. f4 Bh8 21. Bf3
g5 22. fxg5 Qxg5 23. Ne2 Rf7 24. Nf4 Qf6 25. Rc2 a4 26. Re2 Ng7 27. Qb4 b6 28.
Qc3 Qxc3 29. Rxc3 Ne8 30. Rc6 Ra5 31. Rc4 Be5 32. Ne6 Re7 33. g4 Nf6 34. gxf5
Nxd5 35. Bxd5 Rxd5 36. Nxc7 Rd1+ 37. Kg2 Rg7+ 38. Rg4 Rxg4+ 39. hxg4 Rb1 40.
Nd5 Bxb2 41. Nxb6 Bxa3 42. Nxa4 Rb4 43. Nc3 Rxg4+ 44. Kf3 Rc4 45. Nd5 Kf7 46.
Ra2 Bc5 47. e4 Bd4 48. Ra6 Be5 49. Ra7+ Kg8 50. f6 Rc1 51. f7+ Kf8 52. Re7 Rf1+
53. Kg4 Rxf7 54. Rxf7+ Kxf7 55. Kh5 Kg7 56. Ne7 Kf6 57. Nd5+ Kg7 58. Ne7 Bf4
59. Nd5 Bc1 60. Ne7 Kf6 61. Nc8 Ke5 62. Nxd6 Kxd6 63. Kg4 Ke5 64. Kf3 h6 65.
Kg2 Kxe4 66. Kh1 Kf3 67. Kg1 h5 68. Kh1 h4 69. Kg1 Kg3 70. Kh1 h3 71. Kg1
1/2-1/2

[Event "18 Torneo San Viator"]
[Site "Madrid ESP"]
[Date "2012.04.01"]
[Round "2.19"]
[White "Balsinde Montemayor, Lucas"]
[Black "Magan Gonzalez, Alberto"]
[Result "0-1"]
[WhiteElo "1356"]
[BlackElo "1828"]
[PlyCount "132"]
[EventDate "2012.03.25"]
[EventType "swiss"]
[EventRounds "9"]
[EventCountry "ESP"]
[Source "lmi"]
[SourceDate "2012.03.25"]

1. e4 c5 2. Nf3 d6 3. d4 cxd4 4. Nxd4 Nf6 5. Nc3 a6 6. Bc4 e6 7. Bb3 Nbd7 8.
Be3 Nc5 9. Bg5 Be7 10. Bxf6 Bxf6 11. O-O b5 12. a3 Bb7 13. Re1 Qb6 14. Nf3 Bxc3
15. bxc3 Nxe4 16. Qd4 Qxd4 17. cxd4 Nc3 18. Re3 Nd5 19. Ree1 O-O 20. c4 bxc4
21. Bxc4 Rfc8 22. Rac1 Nf4 23. g3 Ng6 24. Ng5 Nf8 25. Bd3 Rxc1 26. Rxc1 Rc8 27.
Rb1 Rc7 28. Rb6 h6 29. Ne4 Bxe4 30. Bxe4 d5 31. Bg2 Ra7 32. Bf1 a5 33. Bb5 g5
34. f4 gxf4 35. gxf4 Ng6 36. f5 exf5 37. Bd3 Nh4 38. Kf2 Rc7 39. Rb3 a4 40. Rb5
Rc3 41. Bb1 Rxa3 42. Rxd5 Rb3 43. Bxf5 Nxf5 44. Rxf5 a3 45. Ra5 Rb2+ 46. Kg3 a2
47. h4 Kg7 48. Ra6 h5 49. d5 Rd2 50. Kf4 Rxd5 51. Rxa2 Rd4+ 52. Kg5 Rd5+ 53.
Kf4 Kg6 54. Rg2+ Kf6 55. Re2 Rd4+ 56. Re4 Rxe4+ 57. Kxe4 Ke6 58. Kf4 f5 59. Kg5
Ke5 60. Kxh5 Kf6 61. Kh6 f4 62. Kh7 f3 63. h5 f2 64. h6 Kf7 65. Kh8 f1=Q 66. h7
Qf6# 0-1

[Event "18 Torneo San Viator"]
[Site "Madrid ESP"]
[Date "2012.04.01"]
[Round "2.23"]
[White "Garcia Otero, Pedro"]
[Black "Zumel Zea, Javier"]
[Result "1/2-1/2"]
[WhiteElo "1701"]
[BlackElo "1617"]
[PlyCount "35"]
[EventDate "2012.03.25"]
[EventType "swiss"]
[EventRounds "9"]
[EventCountry "ESP"]
[Source "lmi"]
[SourceDate "2012.03.25"]

1. d4 d5 2. Bf4 Nf6 3. Nf3 Nc6 4. e3 e6 5. Nbd2 Bd6 6. Bg3 O-O 7. c3 Re8 8. Bd3
e5 9. dxe5 Nxe5 10. Nxe5 Bxe5 11. Bxe5 Rxe5 12. h3 c5 13. Nf3 Re8 14. Bc2 b5
15. a4 Bd7 16. O-O Qc8 17. axb5 Bxb5 18. Re1 1/2-1/2